Sports Quiz

Random Sports or NBA Quiz

NBA 7000 PTS/0-Time All-Star by Franchise Quiz Stats

 Plays Quiz not verified by Sporcle

Score 0/54 Timer 10:00
1 Play Today
Franchise Player % Correct
Atlanta HawksJosh Smith
60.8%
Cleveland CavaliersBingo Smith
60.5%
Detroit PistonsVinnie Johnson
58.5%
Sacramento KingsEddie Johnson
58.5%
Memphis Grizzlies*Mike Conley
58.1%
Cleveland CavaliersHot Rod Williams
54.2%
Indiana PacersHerb Williams
54.2%
Denver NuggetsMahmoud Abdul-Rauf
41.5%
Minnesota Timberwolves*Andrew Wiggins
40.7%
Portland Trail Blazers*C.J. McCollum
40.3%
Dallas MavericksBrad Davis
38.5%
Dallas MavericksJason Terry
36.3%
Golden State WarriorsMonta Ellis
33.8%
Los Angeles LakersDerek Fisher
31.5%
Memphis Grizzlies*Rudy Gay
30.7%
Brooklyn NetsRichard Jefferson
29.2%
Detroit PistonsTayshaun Prince
27.9%
Orlando MagicNick Anderson
27.7%
Los Angeles LakersByron Scott
26.9%
Los Angeles LakersLamar Odom
26.6%
Chicago BullsBen Gordon
26.5%
Charlotte HornetsDell Curry
26.1%
Philadelphia 76ersFred Carter
23.9%
Dallas MavericksDerek Harper
23.6%
Golden State WarriorsJason Richardson
22.7%
Portland Trail BlazersMychal Thompson
22.4%
Sacramento KingsMike Bibby
21.6%
Franchise Player % Correct
Chicago BullsKirk Hinrich
20.5%
Boston CelticsCedric Maxwell
18%
New York KnicksGerald Wilkins
17.6%
Philadelphia 76ers*Thaddeus Young
17.4%
Orlando MagicHedo Turkoglu
16.8%
Los Angeles LakersMichael Cooper
16.6%
Miami HeatGlen Rice
16.2%
Houston RocketsCuttino Mobley
13.8%
Portland Trail BlazersJerome Kersey
13.7%
Memphis GrizzliesShareef Abdur-Rahim
13.3%
Los Angeles ClippersCorey Maggette
12%
Minnesota TimberwolvesSam Mitchell
10.3%
San Antonio SpursMike Mitchell
10.3%
Brooklyn NetsKerry Kittles
9.4%
Indiana PacersChuck Person
8.7%
Utah JazzDarrell Griffith
8.1%
Detroit PistonsJohn Long
8%
Boston CelticsTom Sanders
6.6%
Golden State WarriorsPurvis Short
6.4%
Utah JazzThurl Bailey
5.5%
Boston CelticsFrank Ramsey
4.9%
Houston RocketsRobert Reid
4.3%
Indiana PacersVern Fleming
4%
Milwaukee BucksJunior Bridgeman
2.2%
Houston RocketsMike Newlin
1.8%
Washington WizardsKevin Loughery
1.4%
Washington WizardsGreg Ballard
1.1%

You're not logged in!

Compare scores with friends on all Sporcle quizzes.
OR
Log In

Show Comments

Extras

Top Quizzes Today


Score Distribution

Your Account Isn't Verified!

In order to create a playlist on Sporcle, you need to verify the email address you used during registration. Go to your Sporcle Settings to finish the process.

Report this User

Report this user for behavior that violates our Community Guidelines.

Details: